Every Main James Bond Villain - Statistics

General Stats
  • This quiz has been taken 41 times
  • The average score is 19 of 32
Answer Stats
Picture Hint Answer % Correct
Official Dr. No
94%
Official Auric Goldfinger
91%
Official Ernst Stavro Blofeld
91%
Official Ernst Stavro Blofeld
91%
Official Ernst Stavro Blofeld
91%
Official Franz Oberhauser
84%
Official Francisco Scaramanga
78%
Unofficial Le Chiffre
78%
Official Le Chiffre
78%
Official Dominic Greene
66%
Official Max Zorin
66%
Official Hugo Drax
63%
Official Dr. Kananga
59%
Official Raoul Silva
59%
Official Emilio Largo
56%
Official Franz Sanchez
56%
Unofficial Maximillian Largo
56%
Official Rosa Klebb
56%
Official Alec Trevelyan
53%
Official Elektra King
50%
Official Elliot Carver
50%
Official Kamal Khan
50%
Official Aristotle Kristatos
47%
Official Karl Stromberg
47%
Official Renard
47%
Official Lyutsifer Safin
44%
Official Brad Whitaker
41%
Official General Koskov
41%
Official General Orlov
41%
Official Gustav Graves
38%
Official Tov Kronsteen
31%
Unofficial Dr. Noah
25%
No matching quizzes found
Score Distribution
Percent of People with Each Score
Percentile by Number Answered
Your Score History
You have not taken this quiz